Guess the Non-Country Flag (Extreme) - Statistics

General Stats
  • This quiz has been taken 237 times
  • The average score is 24 of 43
Answer Stats
Picture Answer % Correct
Hong Kong
96%
Greenland
95%
Macau
91%
Guam
90%
Faroe Islands
89%
Gibraltar
87%
American Samoa
80%
Aruba
79%
Transnistria
78%
Kurdistan
76%
Aland
75%
New Caledonia
75%
Northern Cyprus
72%
Somaliland
71%
Zanzibar
71%
Western Sahara
69%
Basque Country
67%
Abkhazia
65%
Niue
65%
Norfolk Island
63%
French Polynesia
62%
Curacao
61%
South Ossetia
61%
Tokelau
59%
Anguilla
56%
Bermuda
55%
Bonaire
54%
Saint Pierre and Miquelon
50%
Wallis and Futuna
47%
Sint Maarten
46%
Montserrat
45%
Martinique
44%
Reunion
43%
Christmas Islands
42%
Saba
40%
Easter Island
38%
Saint Barthelemy
27%
Gagauzia
15%
Aceh
10%
Nakhchivan
9%
Barbuda
7%
Bangsamoro
6%
Freetown Christiania
5%
No matching quizzes found
Score Distribution
Percent of People with Each Score
Percentile by Number Answered
Your Score History
You have not taken this quiz